[Event "GER North-chT U16"]
[Site "Magdeburg"]
[Date "2006.08.29"]
[Round "7.1"]
[White "Richert, Marcel"]
[Black "Boehme, Lasse"]
[Result "0-1"]
[WhiteElo "1171"]
[BlackElo "1398"]
[PlyCount "36"]
[EventDate "2006.08.26"]
[EventType "team-tourn"]
[EventRounds "7"]
[EventCountry "GER"]
[SourceTitle "EXT 2007"]
[Source "ChessBase"]
[SourceDate "2006.11.23"]
[SourceVersion "1"]
[SourceVersionDate "2006.11.23"]
[SourceQuality "1"]

1. e4 e6 2. d4 d5 3. e5 c5 4. Be3 Qb6 5. Nf3 Nc6 6. Bd3 Bd7 7. b3 Nxd4 8. Bxd4 cxd4 9. c4 dxc3 10. Nxc3 Bb4 11. Qd2 Qa5 12. Rc1 Rc8 13. Qf4 Bxc3+ 14. Kf1 Bb4 15. Rxc8+ Bxc8 16. Ng5 Nh6 17. g3 Bd2 18. Qg4 Nxg4 0-1

[Event "GER North-chT U16"]
[Site "Magdeburg"]
[Date "2006.08.26"]
[Round "1.1"]
[White "Pfeiffer, Daniel"]
[Black "Richert, Marcel"]
[Result "1-0"]
[WhiteElo "1644"]
[BlackElo "1129"]
[PlyCount "143"]
[EventDate "2006.08.26"]
[EventType "team-tourn"]
[EventRounds "7"]
[EventCountry "GER"]
[SourceTitle "EXT 2007"]
[Source "ChessBase"]
[SourceDate "2006.11.23"]
[SourceVersion "1"]
[SourceVersionDate "2006.11.23"]
[SourceQuality "1"]

1. e4 e5 2. Nf3 Nc6 3. Nc3 Bc5 4. Nxe5 Bxf2+ 5. Kxf2 Nxe5 6. d4 Nc6 7. Be3 a6 8. Be2 d6 9. Rf1 Nf6 10. Kg1 Bd7 11. Bg5 Rg8 12. Nd5 Kf8 13. Nxf6 gxf6 14. Bxf6 Qc8 15. Kh1 Bg4 16. Bxg4 Qxg4 17. Qxg4 Rxg4 18. Rae1 Re8 19. e5 Nxd4 20. exd6 cxd6 21. h3 Rxe1 22. Rxe1 Nxc2 23. Be7+ Kg8 24. Rc1 Re4 25. Bxd6 Re1+ 26. Rxe1 Nxe1 27. Kg1 Nd3 28. Ba3 Nc1 29. Bb4 Nd3 30. Bc3 a5 31. a3 b5 32. Kf1 a4 33. Ke2 Nf4+ 34. Kf3 Nd5 35. Ke4 b4 36. Kxd5 bxc3 37. bxc3 Kf8 38. Kd6 Ke8 39. Kc7 f5 40. c4 Ke7 41. c5 Ke6 42. c6 Kd5 43. Kb7 Kc4 44. c7 Kb3 45. c8Q Kxa3 46. Qc3+ Ka2 47. Kc6 h5 48. Kd5 h4 49. Ke5 f4 50. Kxf4 Kb1 51. g4 hxg3 52. Kxg3 a3 53. h4 Ka2 54. h5 Kb1 55. h6 Ka2 56. Qxa3+ Kxa3 57. h7 Kb3 58. h8Q Kc4 59. Qd8 Kc5 60. Qd7 Kc4 61. Qd6 Kc3 62. Qd5 Kb4 63. Qc6 Kb3 64. Qc5 Kb2 65. Qc4 Ka3 66. Qb5 Ka2 67. Qb4 Ka1 68. Kf2 Ka2 69. Ke2 Ka1 70. Kd2 Ka2 71. Kc2 Ka1 72. Qb2# 1-0